Normal view
MARC view
- Emotional intelligence-problems, exercises
Entry Topical Term
001 - CONTROL NUMBER
- control field: 7160
003 - CONTROL NUMBER IDENTIFIER
- control field: BD-DhIUB
005 - DATE AND TIME OF LATEST TRANSACTION
- control field: 20260421135820.0
008 - FIXED-LENGTH DATA ELEMENTS
- fixed length control field: 260421|| aca||babn | a|a d
040 ## - CATALOGING SOURCE
- Original cataloging agency: BD-DhIUB
150 ## - HEADING--TOPICAL TERM
- Topical term or geographic name as entry element: Emotional intelligence-problems, exercises